|
|
|
|
| LEADER |
00000nam a22000007a 4500 |
| 005 |
2021092700130.0 |
| 007 |
cr|||| |||| |
| 008 |
210927s2021 ea |||||s|||| 00||0 spa d |
| 020 |
|
|
|a 978-84-1377-621-7
|
| 035 |
|
|
|a 35139
|
| 040 |
|
|
|a vLex
|
| 090 |
|
|
|c 12426
|d 12426
|
| 100 |
1 |
|
|a Rodrg̕uez-Villasante y Prieto, Jos ̌Luis
|
| 245 |
1 |
0 |
|a Cuaderno de prc̀ticas de derecho internacional humanitario
|h [Recurso electrn̤ico] /
|c Jos ̌Luis Rodrg̕uez-Villasante y Prieto
|
| 256 |
|
|
|a Servicio en ln̕ea
|
| 260 |
|
|
|a Madrid:
|b Dykinson,
|c 2021
|
| 300 |
|
|
|a 1 recurso electrn̤ico
|
| 506 |
1 |
|
|a Disponible solo en los productos indicados
|d vLex Global
|d vLex Global (Academic Edition, excluding Law Schools)
|d vLex Global (U.S. Academic Edition, Law Schools)
|d vLex Global (U.S. Academic Edition, excluding Law Schools)
|d vLex Global (Academic Edition, Law Schools)
|
| 650 |
0 |
4 |
|a Derecho Internacional
|z Espaą
|
| 740 |
0 |
|
|a vLex Libros (Servicio en ln̕ea)
|
| 856 |
4 |
0 |
|u https://app.vlex.com/#/sources/35139
|z Acceso restringido
|
| 942 |
|
|
|c BOOK
|
| 999 |
0 |
|
|a International right
|